Catálogo
 En Linea

Korean shamanism : (Registro nro. 4426)

Detalles MARC
000 -CABECERA
campo de control de longitud fija 00586nam a2200181 a 4500
001 - NÚMERO DE CONTROL
campo de control 000004618
005 - FECHA Y HORA DE LA ÚLTIMA TRANSACCIÓN
campo de control 20200929151454.0
008 - DATOS DE LONGITUD FIJA--INFORMACIÓN GENERAL
campo de control de longitud fija 090724s2003 ko ab 000 0 eng d
020 ## - NÚMERO INTERNACIONAL ESTÁNDAR DEL LIBRO
Número Internacional Estándar del Libro 0754631850
040 ## - FUENTE DE LA CATALOGACIÓN
Centro catalogador/agencia de origen DO-SdBNP
Lengua de catalogación eng
Centro/agencia transcriptor BNPHU
082 ## - NÚMERO DE LA CLASIFICACIÓN DECIMAL DEWEY
Número de clasificación xxxx
Número de documento/Ítem K49k
100 1# - ENTRADA PRINCIPAL--NOMBRE DE PERSONA
Nombre de persona Kim, Chongho
9 (RLIN) 13467
245 10 - MENCIÓN DE TÍTULO
Título Korean shamanism :
Resto del título the cultural paradox /
Mención de responsabilidad, etc. Chongho Kim.
260 ## - PUBLICACIÓN, DISTRIBUCIÓN, ETC.
Lugar de publicación, distribución, etc. Korea :
Nombre del editor, distribuidor, etc. Ashgate,
Fecha de publicación, distribución, etc. 2003.
300 ## - DESCRIPCIÓN FÍSICA
Extensión xxii, 248 p. :
Otras características físicas il., maps. ;
Dimensiones 24 cm.
504 ## - NOTA DE BIBLIOGRAFÍA, ETC.
Nota de bibliografía, etc. Incluye referencias bibliográficas y notas al pie de las páginas
504 ## - NOTA DE BIBLIOGRAFÍA, ETC.
Nota de bibliografía, etc. Incluye bibliografías (p. 227-244)
Existencias
Estado de retiro Estado de pérdida Restricciones de uso No para préstamo Código de colección Localización permanente Ubicación/localización actual Ubicación en estantería Fecha de adquisición Número de inventario Total de préstamos Signatura topográfica completa Código de barras Fecha visto por última vez Precio válido a partir de Tipo de ítem Koha
      Excluido de préstamo Monografías: Libros y Folletos General General En catalogación 24.07.2009 LF1   xxxx K49k 4618-10 25.06.2020 25.06.2020 No se presta

Con tecnología Koha